000 00443nam a2200193Ia 4500
005 20250603144903.0
008 250603s9999 xx 000 0 und d
020 _a9788131314333
050 _aQL 463 .S53/
100 _aShagufta
245 0 _aEntomology
250 _a1st ed.
260 _aNew Delhi, India
260 _bAPH Publishing Corporation
260 _c2017
300 _a282 p
650 _aNew Delhi, India
942 _cBK
999 _c40245
_d40245